000 00438nam a22001817a 4500
003 MPLRDC
005 20220104144241.0
008 210129b ||||| |||| 00| 0 eng d
082 _a859.4 SJGG v.8
100 _a星灿编
245 _a爱挑剔的小姑娘
_c
250 _a初版
260 _a
_b大众书局
_c2001
300 _b
490 _a世界各国童话集锦
650 _a童话故事
942 _cBK
_o859.4 SJGG v.8
999 _c47824
_d47814